Survival Guide for Medical Students (Record no. 756)

MARC details
000 -LEADER
fixed length control field 01100cam a22003134a 4500
001 - CONTROL NUMBER
control field 12319078
003 - CONTROL NUMBER IDENTIFIER
control field OSt
005 - DATE AND TIME OF LATEST TRANSACTION
control field 20231104095112.0
008 - FIXED-LENGTH DATA ELEMENTS--GENERAL INFORMATION
fixed length control field 010222s2001 paua b 001 0 eng c
010 ## - LIBRARY OF CONGRESS CONTROL NUMBER
LC control number 2001024084
020 ## - INTERNATIONAL STANDARD BOOK NUMBER
International Standard Book Number 1560534729 (alk. paper)
035 ## - SYSTEM CONTROL NUMBER
System control number (DNLM)101089011
040 ## - CATALOGING SOURCE
Original cataloging agency DNLM/DLC
Transcribing agency DLC
Modifying agency DLC
042 ## - AUTHENTICATION CODE
Authentication code pcc
050 00 - LIBRARY OF CONGRESS CALL NUMBER
Classification number R737
Item number .W79 2001
060 10 - NATIONAL LIBRARY OF MEDICINE CALL NUMBER
Classification number W 21
Item number W811s 2001
082 00 - DEWEY DECIMAL CLASSIFICATION NUMBER
Classification number W 18 W753s 2001
Edition number 21
100 1# - MAIN ENTRY--PERSONAL NAME
Personal name Wischnitzer, Saul; Wischnitzer, Edith
9 (RLIN) 2008
245 10 - TITLE STATEMENT
Title Survival Guide for Medical Students
260 ## - PUBLICATION, DISTRIBUTION, ETC. (IMPRINT)
Place of publication, distribution, etc. Philadelphia;
Name of publisher, distributor, etc. Hanley & Belfus,
Date of publication, distribution, etc. c2001.
300 ## - PHYSICAL DESCRIPTION
Extent v, 266 p. :
Other physical details ill. ;
Dimensions 23 cm.
504 ## - BIBLIOGRAPHY, ETC. NOTE
Bibliography, etc Includes bibliographical references and index.
650 #0 - SUBJECT ADDED ENTRY--TOPICAL TERM
Topical term or geographic name as entry element Medical instructions
9 (RLIN) 2009
650 #0 - SUBJECT ADDED ENTRY--TOPICAL TERM
Topical term or geographic name as entry element Medicine
9 (RLIN) 2010
906 ## - LOCAL DATA ELEMENT F, LDF (RLIN)
a 7
b cbc
c orignew
d 1
e ocip
f 20
g y-gencatlg
942 ## - ADDED ENTRY ELEMENTS (KOHA)
Source of classification or shelving scheme Other/Generic Classification Scheme
Koha item type Short Loan
Holdings
Withdrawn status Lost status Source of classification or shelving scheme Damaged status Not for loan Home library Current library Date acquired Source of acquisition Inventory number Total Checkouts Full call number Barcode Date last seen Koha item type
    Other/Generic Classification Scheme     MUST Main Library MUST Main Library 17/11/2014 Donation 04/21973   W 18 W753s 2001 2014-3375 17/11/2014 Short Loan